Překladový slovníček základních pojmů učiva ZŠ : humanitní předměty : čeština, ukrajinština, ruština, vietnamština, angličtina / [odborný překlad Milena Turbová ... [et al.]
Record details
- Physical Description: 48 s.
- Publisher: Praha : SPN - pedagogické nakladatelství, 2002
Search for related items by subject
| Subject: | vyučovací předměty humanitní vzdělávání oborová terminologie |
| Genre: | vícejazyčné překladové slovníky terminologické slovníky |
Available copies
- 1 of 1 copy available at Common Catalog SPOK.
Holds
- 0 current holds with 1 total copy.
Other Formats and Editions
Show Only Available Copies
| Location | Call Number / Copy Notes | Barcode | Shelving Location | Status | Due Date |
|---|---|---|---|---|---|
| Varianty | Mig Př | 4605400036 | Šafaříkova 17 - 5. patro, Mig | Available | - |
| LDR | 01421nam a2200349 4500 | ||
|---|---|---|---|
| 001 | 30950 | ||
| 003 | CZ-PrJAB | ||
| 005 | 20190202121341.0 | ||
| 008 | 031211s2002 xr |||||||||||000|0|cze d | ||
| 035 | . | ‡a(CZ-UsSVK)KN3148000000190970 | |
| 040 | . | ‡aULG001 ‡bcze | |
| 041 | 0 | . | ‡acze ‡aeng ‡arus ‡aukr ‡avie |
| 072 | 7. | ‡a37.016 ‡xUčební osnovy. Vyučovací předměty. Učebnice ‡2Konspekt ‡922 | |
| 072 | 7. | ‡a81 ‡xLingvistika. Jazyky ‡2Konspekt ‡911 | |
| 080 | . | ‡a37.01 ‡2MRF-sel | |
| 080 | . | ‡a37 ‡2MRF-sel | |
| 080 | . | ‡a81'373.4 ‡2MRF-sel | |
| 245 | 0 | 0. | ‡aPřekladový slovníček základních pojmů učiva ZŠ : ‡bhumanitní předměty : čeština, ukrajinština, ruština, vietnamština, angličtina / ‡c[odborný překlad Milena Turbová ... [et al.] |
| 260 | . | ‡aPraha : ‡bSPN - pedagogické nakladatelství, ‡c2002 | |
| 300 | . | ‡a48 s. | |
| 650 | 0 | 7. | ‡avyučovací předměty ‡7ph172907 ‡2czenas |
| 650 | 0 | 7. | ‡ahumanitní vzdělávání ‡7ph249610 ‡2czenas |
| 650 | 0 | 7. | ‡aoborová terminologie ‡7ph138998 ‡2czenas |
| 655 | 7. | ‡avícejazyčné překladové slovníky ‡2czenas | |
| 655 | 7. | ‡aterminologické slovníky ‡2czenas | |
| 700 | 1 | . | ‡aTurbová, Milena ‡7xx0171153 ‡4trl |
| 910 | . | ‡aABH006 | |
| 901 | . | ‡a30950 ‡b ‡c30950 ‡tbiblio | |